Živé slovo
| Předchozí název: |
Živá slova |
|---|---|
| Korporativní autor: | Křesťanské sbory (společenství) |
| Jazyk: | Slovenština Čeština |
| Vydáno: |
Ostrava : A-Alef, 1993- Brno : Křesťanské sbory |
| Témata: | |
| Externí odkaz: |
Online verze
|
| Fyzický popis: |
20-30 cm |
| Odebírané ročníky: |
1993- |
| LEADER | 06875nas a2200949 i 4500 | ||
|---|---|---|---|
| 001 | cps19950358635 | ||
| 003 | CZ PrNK | ||
| 005 | 20251023094438.0 | ||
| 007 | ta | ||
| 008 | 930702c19939999xr qr p 0 b0cze | ||
| 015 | |a cnb000358635 | ||
| 022 | |a 1210-6526 | ||
| 040 | |a OLA001 |b cze |d ABA001 |d BOA001 |e rda | ||
| 041 | 0 | |a cze |a slo | |
| 043 | |a e-xr--- |b e-xr-mr |2 czenas | ||
| 072 | 7 | |a 27 |x Křesťanství. Křesťanská církev všeobecně. Eklesiologie |2 Konspekt |9 5 | |
| 080 | |a 27 |2 MRF-sel | ||
| 080 | |a 050 |2 MRF-sel | ||
| 210 | 0 | |a Živé slovo |b (Ostrava) | |
| 222 | 0 | |a Živé slovo |b (Ostrava) | |
| 245 | 0 | 0 | |a Živé slovo |
| 264 | 1 | |a Ostrava : |b A-Alef, |c 1993- | |
| 264 | 3 | 1 | |3 2010- |a Brno : |b Křesťanské sbory |
| 300 | |c 20-30 cm | ||
| 310 | |a 4x ročně | ||
| 336 | |a text |b txt |2 rdacontent | ||
| 337 | |a bez média |b n |2 rdamedia | ||
| 338 | |a svazek |b nc |2 rdacarrier | ||
| 362 | 0 | |a Roč. 25, č. 2 (1993)- | |
| 500 | |a Vydávaly: Křesťanské sbory v ČR a Kresťanské zbory na Slovensku ve vydavatelství A-Alef | ||
| 541 | |c pv | ||
| 650 | 0 | 7 | |a křesťanství |7 ph115073 |2 czenas |
| 650 | 0 | 7 | |a křesťanský život |7 ph122132 |2 czenas |
| 655 | 7 | |a specializované časopisy |7 fd133565 |2 czenas | |
| 780 | 0 | 0 | |t Živá slova |x 0139-7192 |
| 710 | 2 | |a Křesťanské sbory (společenství) |7 ko2003164821 |4 isb | |
| 856 | 4 | 1 | |3 Online verze |u http://zs.kstesin.cz/ |4 N |
| 910 | 2 | |a BOA001 |o 2019 |b 04046-0670.174 |r 1993- | |
| 920 | |a 000173700 | ||
| 990 | |a SE | ||
| 995 | |a 01 | ||
| 991 | |b 201904 | ||
| 996 | 6 | |b 2610097565 |c 04046-0670.174 |d 1996 28 1-4 |v 28 |y 1996 |l MZK |r Sklad / do 1 hodiny |n 0 |p p.v. |w 000173700 |u 000020 |a 1 |e BOA001 |j MZK50 |s P | |
| 996 | 6 | |b 2610097566 |c 04046-0670.174 |d 1997 29 1-4 |v 29 |y 1997 |l MZK |r Sklad / do 1 hodiny |n 0 |p p.v. |w 000173700 |u 000030 |a 1 |e BOA001 |j MZK50 |s P | |
| 996 | 6 | |b 2610097567 |c 04046-0670.174 |d 1998 30 1-4 |v 30 |y 1998 |l MZK |r Sklad / do 1 hodiny |n 0 |p p.v. |w 000173700 |u 000040 |a 1 |e BOA001 |j MZK50 |s P | |
| 996 | 6 | |b 2610119755 |c 04046-0670.174 |d 1999 31 1-4 |v 31 |y 1999 |l MZK |r Sklad / do 1 hodiny |n 0 |p p.v. |w 000173700 |u 000050 |a 1 |e BOA001 |j MZK50 |s P | |
| 996 | 6 | |b 2610164649 |c 04046-0670.174 |d 2000 32 1-4 |v 32 |i 1-4 |y 2000 |l MZK |r Sklad / do 1 hodiny |n 0 |p p.v. |w 000173700 |u 000170 |a 1 |e BOA001 |j MZK50 |s P | |
| 996 | 6 | |b 2610164650 |c 04046-0670.174 |d 2001 33 1-4 |v 33 |i 1-4 |y 2001 |l MZK |r Sklad / do 1 hodiny |n 1 |p p.v. |w 000173700 |u 000180 |a 1 |e BOA001 |j MZK50 |s P | |
| 996 | 6 | |b 2610223803 |c 04046-0670.174 |d 2002 34 1-4 |v 34 |i 1-4 |y 2002 |l MZK |r Sklad / do 1 hodiny |n 0 |p p.v. |w 000173700 |u 000280 |a 1 |e BOA001 |j MZK50 |s P | |
| 996 | 6 | |b 2610223806 |c 04046-0670.174 |d 2003 35 1-4 |v 35 |i 1-4 |y 2003 |l MZK |r Sklad / do 1 hodiny |n 0 |p p.v. |w 000173700 |u 000290 |a 1 |e BOA001 |j MZK50 |s P | |
| 996 | 6 | |b 2610257421 |c 04046-0670.174 |d 2004 36 1-4 |v 36 |i 1-4 |y 2004 |l MZK |r Sklad / do 1 hodiny |n 0 |p p.v. |w 000173700 |u 000350 |a 1 |e BOA001 |j MZK50 |s P | |
| 996 | 6 | |b 2610280880 |c 04046-0670.174 |d 2005 37 1-4 |v 37 |i 1-4 |y 2005 |l MZK |r Sklad / do 1 hodiny |n 0 |p p.v. |w 000173700 |u 000420 |a 1 |e BOA001 |j MZK50 |s P | |
| 996 | 6 | |b 2610306566 |c 04046-0670.174 |d 2006 38 1-4 |v 38 |i 1-4 |y 2006 |l MZK |r Sklad / do 1 hodiny |n 0 |p p.v. |w 000173700 |u 000480 |a 1 |e BOA001 |j MZK50 |s P | |
| 996 | 6 | |b 2610344960 |c 04046-0670.174 |d 2007 39 1-4 |v 39 |i 1-4 |y 2007 |l MZK |r Sklad / do 1 hodiny |n 0 |p p.v. |w 000173700 |u 000530 |a 1 |e BOA001 |j MZK50 |s P | |
| 996 | 6 | |b 2610376393 |c 04046-0670.174 |d 2008 40 1-4 |v 40 |i 1-4 |y 2008 |l MZK |r Sklad / do 1 hodiny |n 0 |p p.v. |w 000173700 |u 000580 |a 1 |e BOA001 |j MZK50 |s P | |
| 996 | 6 | |b 2610412354 |c 04046-0670.174 |d 2009 41 1-4 |v 41 |i 1-4 |y 2009 |l MZK |r Sklad / do 1 hodiny |n 0 |p p.v. |w 000173700 |u 000630 |a 1 |e BOA001 |j MZK50 |s P | |
| 996 | 6 | |b 2610475504 |c 04046-0670.174 |d 2010 42 1-4 |v 42 |i 1-4 |y 2010 |l MZK |r Sklad / do 1 hodiny |n 0 |p p.v. |w 000173700 |u 000690 |a 1 |e BOA001 |j MZK50 |s P | |
| 996 | 6 | |b 2610507368 |c 04046-0670.174 |d 2011 43 1-4 |v 43 |i 1-4 |y 2011 |l MZK |r Sklad / do 1 hodiny |n 0 |p p.v. |w 000173700 |u 000740 |a 1 |e BOA001 |j MZK50 |s P | |
| 996 | 6 | |b 2610546603 |c 04046-0670.174 |d 2012 44 1-4 |v 44 |i 1-4 |y 2012 |l MZK |r Sklad / do 1 hodiny |n 0 |p p.v. |w 000173700 |u 000790 |a 1 |e BOA001 |j MZK50 |s P | |
| 996 | 6 | |b 2610603546 |c 04046-0670.174 |d 2013 45 1-4 |v 45 |i 1-4 |y 2013 |l MZK |r Sklad / do 1 hodiny |n 0 |p p.v. |w 000173700 |u 000840 |a 1 |e BOA001 |j MZK50 |s P | |
| 996 | 6 | |b 2610626622 |c 04046-0670.174 |d 2014 46 1-4 |v 46 |i 1-4 |y 2014 |l MZK |r Sklad / do 1 hodiny |n 0 |p p.v. |w 000173700 |u 000890 |a 1 |e BOA001 |j MZK50 |s P | |
| 996 | 6 | |b 2610667391 |c 04046-0670.174 |d 2015 47 1-4 |v 47 |i 1-4 |y 2015 |l MZK |r Sklad / do 1 hodiny |n 0 |p p.v. |w 000173700 |u 000940 |a 1 |e BOA001 |j MZK50 |s P | |
| 996 | 6 | |b 2610698936 |c 04046-0670.174 |d 2016 48 1-4 |v 48 |i 1-4 |y 2016 |l MZK |r Sklad / do 1 hodiny |n 0 |p p.v. |w 000173700 |u 000990 |a 1 |e BOA001 |j MZK50 |s P | |
| 996 | 6 | |b 2610743360 |c 04046-0670.174 |d 2017 49 1-4 |v 49 |i 1-4 |y 2017 |l MZK |r Sklad / do 1 hodiny |n 0 |p p.v. |w 000173700 |u 001040 |a 1 |e BOA001 |j MZK50 |s P | |
| 996 | 6 | |b 2610775833 |c 04046-0670.174 |d 2018 50 1-4 |v 50 |i 1-4 |y 2018 |l MZK |r Sklad / do 1 hodiny |n 0 |p p.v. |w 000173700 |u 001090 |a 1 |e BOA001 |j MZK50 |s P | |
| 996 | 6 | |b 2610824320 |c 04046-0670.174 |d 2019 1-4 |v 2019 |i 4 |y 2019 |l MZK |r Sklad / do 1 hodiny |n 0 |p p.v. |w 000173700 |u 001140 |a 1 |e BOA001 |j MZK50 |s P | |
| 996 | 6 | |b 2610867337 |c 04046-0670.174 |d 2020 1-4 |v 2020 |i 1-4 |y 2020 |l MZK |r Sklad / do 1 hodiny |n 0 |p p.v. |w 000173700 |u 001190 |a 1 |e BOA001 |j MZK50 |s P | |
| 996 | 6 | |b 2610935889 |c 04046-0670.174 |d 2021 1-4 |v 2021 |i 1-4 |y 2021 |l MZK |r Sklad / do 1 hodiny |n 0 |p p.v. |w 000173700 |u 001360 |a 1 |e BOA001 |j MZK50 |s P | |
| 996 | 6 | |b 2610986337 |c 04046-0670.174 |d 2022 1-4 |v 2022 |i 1-4 |y 2022 |l MZK |r Sklad / do 1 hodiny |n 0 |p p.v. |w 000173700 |u 001200 |a 1 |e BOA001 |j MZK50 |s P | |
| 996 | 6 | |b 2610986363 |c 04046-0670.174 |d 2023 1-4 |v 2023 |i 1-4 |y 2023 |l MZK |r Sklad / do 1 hodiny |n 0 |p p.v. |w 000173700 |u 001410 |a 1 |e BOA001 |j MZK50 |s P | |
| 996 | 6 | |b 2619304042 |c 04046-0670.174 |d 1995 |y 1995 |l MZK |r Sklad / do 1 hodiny |n 0 |w 000173700 |u 000220 |a 1 |e BOA001 |j MZK50 |s P | |
| 996 | 6 | |b 2619304043 |c 04046-0670.174 |d 1994 |y 1994 |l MZK |r Sklad / do 1 hodiny |n 0 |w 000173700 |u 000210 |a 1 |e BOA001 |j MZK50 |s P | |
| 996 | 6 | |b 2619908502 |c 04046-0670.174 |d 1993 |y 1993 |l MZK |r Sklad / do 1 hodiny |n 0 |w 000173700 |u 000010 |a 1 |e BOA001 |j MZK50 |s P | |
| 996 | 6 | |b BC-2474152 |d 2024 1 |v 2024 |i 1 |y 2024 |l MZK |r SNC |n 0 |w 000173700 |u 001370 |a 1 |e BOA001 |j MZK50 |s P | |
| 996 | 6 | |b BC-2474153 |d 2024 2 |v 2024 |i 2 |y 2024 |l MZK |r SNC |n 0 |w 000173700 |u 001380 |a 1 |e BOA001 |j MZK50 |s P | |
| 996 | 6 | |b BC-2474154 |d 2024 3 |v 2024 |i 3 |y 2024 |l MZK |r SNC |n 0 |w 000173700 |u 001390 |a 1 |e BOA001 |j MZK50 |s P | |
| 996 | 6 | |b BC-2474155 |d 2024 4 |v 2024 |i 4 |y 2024 |l MZK |r SNC |n 0 |w 000173700 |u 001400 |a 1 |e BOA001 |j MZK50 |s P | |
| 996 | 6 | |b BC-2557589 |d 2025 1 |v 2025 |i 1 |y 2025 |l MZK |r SNC |n 0 |w 000173700 |u 001420 |a 1 |e BOA001 |j MZK50 |s P | |
| 996 | 6 | |b BC-2557590 |d 2025 2 |v 2025 |i 2 |y 2025 |l MZK |r SNC |n 0 |w 000173700 |u 001430 |a 1 |e BOA001 |j MZK50 |s P | |
| 996 | 6 | |b BC-2557591 |d 2025 3 |v 2025 |i 3 |y 2025 |l MZK |r SNC |n 0 |w 000173700 |u 001440 |a 1 |e BOA001 |j MZK50 |s P | |
| 996 | 6 | |b BC-2557592 |d 2025 4 |v 2025 |i 4 |y 2025 |l MZK |r SNC |n 0 |w 000173700 |u 001450 |a 1 |e BOA001 |j MZK50 |s P | |
| 996 | 6 | |b BC-2685373 |d 2026 1 |v 2026 |i 1 |y 2026 |l MZK |r SNC |n 0 |w 000173700 |u 001460 |a 1 |e BOA001 |j MZK50 |s P | |
English
Čeština 